| 000 | 00475nam a2200157 a 4500 | ||
|---|---|---|---|
| 001 | 000030741 | ||
| 005 | 20200930062501.0 | ||
| 008 | 110526s1933 dr 000 0 spa d | ||
| 040 |
_aDO-SdBNP _bspa _cBNPHU |
||
| 100 | 1 |
_aUreña de Mendoza, Nicolás, _d1822-1875 _957317 |
|
| 245 | 1 | 0 |
_aPoesías / _cNicolas Ureña de Mendoza. |
| 260 |
_aSanto Domingo : _b[s.n.], _c1933. |
||
| 300 |
_a[58 p.] ; _c24 cm. |
||
| 500 | _aColeccionadas por Pedro Henríquez Ureña | ||
| 049 | _aBNPD | ||
| 999 |
_c30233 _d30233 |
||